[Event "Leamington Spa 4NCL op-C 28th"]
[Site "Leamington Spa"]
[Date "2022.07.09"]
[Round "3"]
[White "Jenkins, Theo"]
[Black "Cuthbert, Larissa"]
[Result "1/2-1/2"]
[WhiteElo "1672"]
[BlackElo "1505"]
[PlyCount "108"]
[EventDate "2022.07.08"]
[EventType "swiss"]
[EventRounds "5"]
[EventCountry "ENG"]
[SourceTitle "CBM 209 Extra"]
[Source "ChessBase"]
[SourceDate "2022.09.30"]
[SourceVersion "1"]
[SourceVersionDate "2022.09.30"]
[SourceQuality "1"]

1. e4 e6 2. d4 d5 3. Nd2 Nf6 4. e5 Nfd7 5. Ngf3 c5 6. c3 Nc6 7. Be2 Be7 8. 0-0 0-0 9. Nb3 c4 10. Nbd2 a6 11. b3 b5 12. a4 Bb7 13. Rb1 Rb8 14. Qc2 Qc7 15. Qa2 Rfc8 16. b4 Nb6 17. a5 Nd7 18. Ne1 Qd8 19. Qc2 f6 20. f4 Nf8 21. Bh5 Na7 22. f5 fxe5 23. fxe6 g6 24. Bg4 exd4 25. cxd4 Bf6 26. Ndf3 Bc6 27. Qf2 Qe7 28. Bf4 Rb7 29. Nc2 Be8 30. Rbe1 h5 31. Bh3 Nh7 32. Be5 Nc6 33. Bxf6 Nxf6 34. Ng5 Kg7 35. Nf7 Ne4 36. Qf4 Bxf7 37. exf7 Rf8 38. g3 Rxf7 39. Qxf7+ Qxf7 40. Rxf7+ Kxf7 41. Bg2 Nf6 42. Rf1 Kg7 43. Re1 Kf7 44. h3 Re7 45. Rxe7+ Kxe7 46. Kf2 Ke6 47. Ke3 g5 48. Bf3 g4 49. hxg4 hxg4 50. Bd1 Kf5 51. Be2 Ne4 52. Bf1 Nxg3 53. Bg2 Ne4 54. Bh1 Nf6 1/2-1/2

[Event "Daventry 4NCL Easter op-C 2nd"]
[Site "Daventry"]
[Date "2022.04.16"]
[Round "3"]
[White "Jenkins, Theo"]
[Black "Hadfield, Roy W"]
[Result "1-0"]
[WhiteElo "1598"]
[BlackElo "1585"]
[PlyCount "215"]
[EventDate "2022.04.15"]
[EventType "swiss"]
[EventRounds "7"]
[EventCountry "ENG"]
[SourceTitle "CBM 207 Extra"]
[Source "ChessBase"]
[SourceDate "2022.05.31"]
[SourceVersion "1"]
[SourceVersionDate "2022.05.31"]
[SourceQuality "1"]

1. e4 c5 2. Nf3 e6 3. d4 cxd4 4. Nxd4 a6 5. Bd3 g6 6. 0-0 Bg7 7. Be3 Qc7 8. c3 Nf6 9. h3 0-0 10. Qd2 d6 11. Bh6 Nbd7 12. Bxg7 Kxg7 13. Re1 b5 14. Na3 Bb7 15. Nb3 Rac8 16. c4 bxc4 17. Nxc4 Rfd8 18. Nca5 Ne5 19. Rac1 Qb8 20. Nxb7 Qxb7 21. Bb1 Rxc1 22. Qxc1 d5 23. Qg5 Nc6 24. e5 Ne8 25. Qh4 Qb4 26. Qxb4 Nxb4 27. Nd4 Rc8 28. a3 Nc6 29. Rc1 Ne7 30. Rxc8 Nxc8 31. Bd3 Nc7 32. Nc6 Nb6 33. b3 Nd7 34. f4 Nc5 35. Bc2 Kf8 36. b4 Nb7 37. Bd3 Ke8 38. a4 f6 39. Nb8 a5 40. b5 Nc5 41. Bc2 fxe5 42. fxe5 Nd7 43. Nc6 Na8 44. Nxa5 Nxe5 45. Kf2 Kd7 46. Ke3 Nb6 47. Kd4 Nec4 48. Nxc4 Nxc4 49. Bb3 Na5 50. Ba2 Kd6 51. Kc3 Kc5 52. Bb1 e5 53. h4 e4 54. g4 d4+ 55. Kd2 Nc4+ 56. Ke1 d3 57. Ba2 Nb6 58. Bg8 h6 59. Bh7 Kd4 60. Bxg6 e3 61. g5 hxg5 62. hxg5 d2+ 63. Kd1 Nc4 64. Bh5 Nb2+ 65. Kc2 Nc4 66. g6 Na3+ 67. Kb3 Kd3 68. g7 e2 69. Bxe2+ Kxe2 70. g8Q d1Q+ 71. Kxa3 Qd6+ 72. Kb3 Qd1+ 73. Kb4 Qd2+ 74. Kc5 Qe3+ 75. Kc6 Qc3+ 76. Kb7 Qf3+ 77. Ka7 Qa3 78. Qg4+ Ke1 79. Qe4+ Kf1 80. b6 Qc5 81. Qb7 Ke1 82. a5 Qxa5+ 83. Qa6 Qe5 84. b7 Qc5+ 85. Ka8 Qd5 86. Qb6 Qa2+ 87. Kb8 Qg8+ 88. Kc7 Qf7+ 89. Kc8 Qe8+ 90. Qd8 Qc6+ 91. Kb8 Qb5 92. Qe7+ Kf1 93. Qf6+ Ke1 94. Qa1+ Ke2 95. Ka8 Qc6 96. Qa2+ Ke1 97. Qa5+ Kf1 98. Ka7 Qd7 99. Qa6+ Ke1 100. Qa1+ Kf2 101. Qb2+ Ke1 102. Qb4+ Kd1 103. Qc4 Qe7 104. Qd5+ Ke2 105. Qc6 Ke1 106. Qc3+ Kf1 107. Qd3+ Ke1 108. Ka8 1-0